000 00314nam a2200109 4500
008 160704b xxu||||| |||| 00| 0 eng d
100 _91963
_a Bhattacharya, B
245 _aContemporary Indian Short Stories
260 _aD
_b Sahity Akademi
_c2004
300 _aContemporary Indian Short Stories
942 _2ddc
_cBK
999 _c1664
_d1664